000 00423nam a22001817a 4500
003 OSt
008 240328b |||||||| |||| 00| 0 eng d
020 _a9789332550230
082 _a621.38043 OPS
100 _aOPPENHEIM,Alan V
245 _aSignals and Systems
250 _a2nd Ed
260 _aNew Delhi
_bPearson
_c2024
300 _a944
700 _aWILLSKY,Alan S
700 _aNAWAB,S.Hamid
942 _2ddc
_cREF
999 _c12328
_d12328